Escola Superior dels Bells Oficis
Descripción Física:
44 p. ; 19 cm
MARC
| LEADER | 00000nam a2200000Ia 4500 | ||
|---|---|---|---|
| 001 | 9284 | ||
| 008 | 160829s1915 xx 000 0 cat d | ||
| 080 | |a RF-6-57 | ||
| 245 | |a Escola Superior dels Bells Oficis | ||
| 260 | |a Barcelona : |b Diputació de Barcelona, |c 1915 | ||
| 300 | |a 44 p. ; |c 19 cm | ||
| 650 | |a Escola Superior dels Bells Oficis |9 33407 | ||
| 650 | 0 | |a Formació professional |z Barcelona (Catalunya) |9 48900 | |
| 650 | 0 | |a Art |x Ensenyament |x Barcelona (Catalunya) |9 47734 | |
| 710 | 1 | |a Barcelona (Catalunya : Província). |b Diputació |9 52408 | |
| 856 | 4 | |u https://media.diba.cat/diba/fitxers/arxiu/fulletons/bib_9284_1915_baixa.pdf |y Accés lliure | |
| 856 | 4 | |u https://media.diba.cat/diba/fitxers/arxiu/fulletons/bib_9284_1915_baixa.pdf |y Accés lliure | |
| 901 | |a Arxiu | ||
| 942 | |n 1 |2 udc | ||
| 952 | |0 0 |1 0 |4 0 |6 RF657 |7 1 |9 46289 |a Arxiu |b Arxiu |d 2016-12-01 |l 0 |o RF-6-57 |p 9284 |r 2016-12-01 00:00:00 |w 2016-12-01 |y ARXIU | ||
| 999 | |c 49794 |d 49794 | ||
| 900 | |a bib_9284_1915_baixa.pdf | ||